Roland Le Huenen (notice n° 1597621)
[ vue normale ]
| 000 -LEADER | |
|---|---|
| fixed length control field | 01596cam a2200169 4500500 |
| 005 - DATE AND TIME OF LATEST TRANSACTION | |
| control field | 20251228074337.0 |
| 041 ## - LANGUAGE CODE | |
| Language code of text/sound track or separate title | fre |
| 042 ## - AUTHENTICATION CODE | |
| Authentication code | dc |
| 100 10 - MAIN ENTRY--PERSONAL NAME | |
| Personal name | Lamy, Isabelle |
| Relator term | author |
| 245 00 - TITLE STATEMENT | |
| Title | Roland Le Huenen |
| 260 ## - PUBLICATION, DISTRIBUTION, ETC. | |
| Date of publication, distribution, etc. | 2020.<br/> |
| 500 ## - GENERAL NOTE | |
| General note | 17 |
| 520 ## - SUMMARY, ETC. | |
| Summary, etc. | Balzac, secrétaire de l’Histoire et de « son » histoire, réussit au travers de son œuvre multiple à élaborer sa propre investigation analytique. Des œuvres presque concomitantes révèlent au lecteur les structures de lectures transversales. Du Grand Propriétaire de 1835 à Ecce Homo de 1836, la mise en évidence d’un château d’Azay-le-Rideau, palimpseste dans le premier, et en position axiale bien qu’illusoire dans le second, permet d’éclairer une figure de grand propriétaire dans ce qu’il faut bien appeler un château de famille. |
| 520 ## - SUMMARY, ETC. | |
| Summary, etc. | As the Secretary of History as well as of his own history, Balzac succeeded in developing his own analytical investigation throughout his plethoric œuvre. A number of practically contemporaneous works help show his readers how lateral readings are structured. In both Le Grand Propriétaire of 1835 – where it acts as a palimpsest – and in Ecce Homo of 1836 – where it has a significant but illusory role – the château of Azay-le-Rideau illuminates the figure of a major estate-owner in what we have to acknowledge is a family château. |
| 786 0# - DATA SOURCE ENTRY | |
| Note | L'Année balzacienne | 21 | 1 | 2020-11-02 | p. 533e-541e | 0084-6473 |
| 856 41 - ELECTRONIC LOCATION AND ACCESS | |
| Uniform Resource Identifier | <a href="https://shs.cairn.info/revue-l-annee-balzacienne-2020-1-page-533e?lang=fr&redirect-ssocas=7080">https://shs.cairn.info/revue-l-annee-balzacienne-2020-1-page-533e?lang=fr&redirect-ssocas=7080</a> |
Pas d'exemplaire disponible.




Réseaux sociaux